00517nam a2200205 a 4500001001300000003000900013005001700022008004100039020000900080082001300089100001600102245003400118260004700152300000900199500003500208505001700243650001900260700001800279700001400297nice12345678IN_TiNIC20260116012717.0050524s1988 kota grp 000 0 eng  ac4000a290bDAN aDaniel, P S aReligious Traditions of India aKottayambIndian Theological Libraryc1988 a368p aincludes index and biblioraphy2 aBibliography aReligion-India1 aDavid C Scott1 aG R Singh